Регионална библиотека "Любен Каравелов" - Русе

Tibet (Запис номер 211980)

MARC детайли
000 -Лидер
Контролно поле с фиксирана дължина 01164nkm a2200361 c 4500
003 - Код на организацията, давaща контролен номер
Контролно поле BLK
005 - Дата и час на последна редакция
Контролно поле 20200430104338.0
008 - Елементи от данни с фиксирана дължина
fixed length control field 180413b bul rap|r|||| r0| ||bulo|
010 ## - Наследен системен номер
LC control number KNG00199234000
020 ## - Международен стандартен номер на книга ISBN
Международен стандартен номер на книга ISBN 1-55521-281-6
040 ## - Източник на каталожния запис
Идентификатор на билиотеката - собственик на записа BLK
041 ## - Код за език
Код за езика на текст/звукозапис или на отделно заглавие Английски
Код за езика КДБФ Английски
072 #7 - Код за тематичната категория
Код организация bullib
Код за тематична категория Н70
Текст Изкуства Н
080 ## - УДК
Текстов определител УДК Фотография. Кинематография
УДК код - определител по УДК 77
УДК определител (515)(084.12)
УДК - код + определител 77(515)(084.12)
139 ## - Редно поле
Редна дума Tibet
Авторски знак Ти - Т 54
Filing suffix Т 52
Feature heading Т 54
245 10 - Сведения за заглавието
Заглавие Tibet
Редно поле (дума) photogr. Magnus Bartlett; text by Julia Wilkinson.
257 ## - Страна на издаване
Страна на създаване/издаване Съединени американски щати
260 ## - Област на издателските данни
Име на издателя, разпространителя и проч. Chartwell Books
Година на издаване 1988
Печатница print. in Hong Kong
300 ## - Физическа характеристика
Страници Албум (79 p.)
Илюстрации и др. ill.
Размери/Мащаб 29 cm
380 ## - Жанр
Жанр Изкуство
650 #4 - Допълнително описание по предмет – тема
Основно описание – тема или топоним Тибет
9 (RLIN) 179656
651 #4 - Допълнително описание по предмет - топоним
Географско понятие Тибет
9 (RLIN) 179656
653 ## - Ключова дума – ненормативна
Ключова дума Тибет
653 ## - Ключова дума – ненормативна
Ключова дума фотоалбуми
659 ## - Тематичен бюлетин
Тематичен бюлетин Н
700 1# - Други автори (авторска отговорност)
Лично име Bartlett, Magnus
Автороска отговорност (Описва отношението между автора и произведението) photogr.
9 (RLIN) 353014
700 1# - Други автори (авторска отговорност)
Лично име Wilkinson, Julia
Автороска отговорност (Описва отношението между автора и произведението) text by
9 (RLIN) 353015
852 ## - Местоположение
Форматна сигнатура Цб Гр А ІІ 5042
856 4# - Електронен адрес и достъп
Електронен формат pdf - файл
Път до файла /url/
856 4# - Електронен адрес и достъп
Електронен формат pdf - файл
Път до файла /url/
999 ## - СИСТЕМНИ КОНТРОЛНИ НОМЕРА
Koha biblionumber 211980
Koha biblioitemnumber 211980
942 ## - АРТИКУЛИ
Вид на библиотечния материал Графични издания
Скрит в OPAC Не
Периодичен библиозапис Да
944 ## - СЪЗДАВАНЕ И РЕДАКЦИЯ на ЗАПИСА
Създаване/Редакция Създаване
Дата на регистрацията/редакция 16.01.2017
Статус, дата на статуса ф /
Служител, извършил регистрацията/редакцията Виолета_Тройчева
944 ## - СЪЗДАВАНЕ И РЕДАКЦИЯ на ЗАПИСА
Създаване/Редакция Редакция
Дата на регистрацията/редакция 16.11.2017
Статус, дата на статуса ф /
Служител, извършил регистрацията/редакцията Людмила_Стоянова
999 ## - СИСТЕМНИ КОНТРОЛНИ НОМЕРА
Koha biblioitemnumber 211980
Наличности
Код за отписване Код за изгубен артикул Източник на класификационната схема Код за повреда Коз за рестрикции Код за отдаване Артикулен № Име на библиотеката - собственик Име на библиотеката, в която се намира в момента Статус (Текущо местоположение) Дата на вписване в системата Местоположение - отдел Цена в лева Инвентарен номер Систематично азбучна сигнатура Баркод Номер на екземпляра Цена в евро Служебна бележка Служебен тип на артикула
  Не е изгубен Universal Decimal Classification Не е повреден без рестрикции заемане за дома 363949 Регионална библиотека "Любен Каравелов" Русе Регионална библиотека "Любен Каравелов" Русе Отдел Изкуство - подръчен фонд 2017-01-16 Отдел Изкуство - подръчен фонд 17.00 120000807826 77/Т 54 120000807826 1 8.69 Дост: DA Вид: А N: 4 Дата: 16.01.2017 Графични издания
Vip Innovations Ltd, Rousse, Bulgaria 2025